IN THE SEA THERE ARE CROCODILES (Record no. 19925)
[ view plain ]
| 000 -LEADER | |
|---|---|
| fixed length control field | 00327nam a2200133Ia 4500 |
| 008 - FIXED-LENGTH DATA ELEMENTS--GENERAL INFORMATION | |
| fixed length control field | 240624s9999 xx 000 0 und d |
| 041 ## - LANGUAGE CODE | |
| Language code of text/sound track or separate title | eng |
| 082 ## - DEWEY DECIMAL CLASSIFICATION NUMBER | |
| Classification number | 823 GED |
| 100 ## - MAIN ENTRY--PERSONAL NAME | |
| Personal name | GEDA FABIO |
| 245 ## - TITLE STATEMENT | |
| Title | IN THE SEA THERE ARE CROCODILES |
| 260 ## - PUBLICATION, DISTRIBUTION, ETC. | |
| Date of publication, distribution, etc. | 2012 |
| Place of publication, distribution, etc. | London |
| Name of publisher, distributor, etc. | Vintage Books |
| 300 ## - PHYSICAL DESCRIPTION | |
| Extent | 211p. : cm. ; 20 |
| 365 ## - TRADE PRICE | |
| Currency code | RS |
| Price amount | 25 |
| Withdrawn status | Lost status | Damaged status | Not for loan | Home library | Current library | Shelving location | Date acquired | Source of acquisition | Cost, normal purchase price | Total Checkouts | Full call number | Barcode | Date last seen | Date last checked out | Copy number | Price effective from | Koha item type |
|---|---|---|---|---|---|---|---|---|---|---|---|---|---|---|---|---|---|
| IMTN | IMTN | Rack 40-B | 10/03/2012 | AP | 299.00 | 2 | 823 GED | 19925 | 07/13/2025 | 07/03/2025 | 1 | 06/24/2024 | Books |